Govt. of
Madhya Pradesh

Chipping in A Text Book on Computer Literacy Uning Basic (Record no. 32888)

MARC details
000 -LEADER
fixed length control field 003470000a22001450004500
003 - CONTROL NUMBER IDENTIFIER
control field MACL
040 ## - CATALOGING SOURCE
Original cataloging agency MACL
090 ## - LOCALLY ASSIGNED LC-TYPE CALL NUMBER (OCLC); LOCAL CALL NUMBER (RLIN)
-- 33237
-- 33235
100 ## - MAIN ENTRY--PERSONAL NAME
Personal name D'souza Br. Eric S
245 ## - TITLE STATEMENT
Title Chipping in A Text Book on Computer Literacy Uning Basic
260 ## - PUBLICATION, DISTRIBUTION, ETC. (IMPRINT)
Name of publisher, distributor, etc. SkW Software
Date of publication, distribution, etc. 1990
350 ## - PRICE (NR) (BK AM CF MU VM SE) [OBSOLETE]
Price 85
650 ## - SUBJECT ADDED ENTRY--TOPICAL TERM
Topical term or geographic name as entry element Computer science
942 ## - ADDED ENTRY ELEMENTS (KOHA)
Koha item type Library Membar
Call number prefix 004/sou
Holdings
Withdrawn status Lost status Damaged status Not for loan Home library Current library Date acquired Total Checkouts Full call number Barcode Date last seen Uniform Resource Identifier Price effective from Koha item type
        MACL MACL 15/04/2015   004/sou BOOK CLC2605 29/04/2015 32945 15/04/2015 Books